Contemporary readings in organizational behaviour. (2nd ed.) (Record no. 79829)

MARC details
000 -LEADER
fixed length control field 00759nam a2200181 a 4500
008 - FIXED-LENGTH DATA ELEMENTS--GENERAL INFORMATION
fixed length control field 120416s1977 ||||||||||||||||| || u
050 ## - LIBRARY OF CONGRESS CALL NUMBER
Classification number HD 58.7 Lut
100 ## - MAIN ENTRY--PERSONAL NAME
Personal name Luthans, Fred
245 10 - TITLE STATEMENT
Title Contemporary readings in organizational behaviour. (2nd ed.)
250 ## - EDITION STATEMENT
Edition statement 2nd ed.
260 ## - PUBLICATION, DISTRIBUTION, ETC.
Place of publication, distribution, etc. New York
Name of publisher, distributor, etc. McGraw-Hill
Date of publication, distribution, etc. 1977
300 ## - PHYSICAL DESCRIPTION
Extent xv, 424p. : ill
350 ## -
-- 0.00
650 #0 - SUBJECT ADDED ENTRY--TOPICAL TERM
Topical term or geographic name entry element MANAGEMENT
650 ## - SUBJECT ADDED ENTRY--TOPICAL TERM
Topical term or geographic name entry element ORGANIZATIONAL BEHAVIOUR--CONGRESSES
995 ## -
-- BINDERY (DAMAGED)
-- 0.00
-- 702647
-- CBU-MAIN LIBRARY (Kitwe)
-- 2
-- 0.00
-- HD 58.7 Lut
-- 1
-- DAMAGED
-- 003710
-- Main Library Open Access Collection
995 ## -
-- MAIN LIBRARY OPEN ACCESS
-- 0.00
-- 700918
-- CBU-MAIN LIBRARY (Kitwe)
-- 1
-- 0.00
-- HD 58.7 Lut
-- 2
-- AVAILABLE
-- 021961
-- Main Library Open Access Collection
999 ## -
-- 79829
-- 79829
Holdings
Withdrawn status Lost status Source of classification or shelving scheme Damaged status Not for loan Permanent Location Current Location Shelving location Date acquired Total Checkouts Full call number Barcode Date last seen Copy number Price effective from Koha item type
          CBU-MAIN LIBRARY, KITWE. CBU-MAIN LIBRARY, KITWE.   06/29/2023   HD 58.7 Lut 003710 06/29/2023 1 06/29/2023 MONOGRAPH
          CBU-MAIN LIBRARY, KITWE. CBU-MAIN LIBRARY, KITWE.   06/29/2023   HD 58.7 Lut 021961 06/29/2023 2 06/29/2023 MONOGRAPH